000 00944naa a22002657a 4500
001 BR8204235
003 BR-BrBNA
005 20250721143207.0
007 ta
008 250630b bl.|||m| |||| 00| 0 por d
040 _aBR-BrBNA
_bpor
_cBiblioteca Nacional de Agricultura
041 _a(Pt)
072 _aP12; F28
_b/G514
090 _aP12 BR8204235
100 1 _aNicodemus, W.L.
245 1 _aDrenagem agricola na recuperacao dos solos [Brasil]
500 _aPROVARZEAS Nacional. 1 hectare vale por dez Brasilia, DF (Brasil): 1982. p. 155-160 (BR8204235-AMS)
773 0 _tPROVARZEAS Nacional. 1 hectare vale por dez
_wP12 BR8204235
_gBrasilia, DF (Brasil), 1982. p. 155-160
650 _aDRENAGEM
650 _aRECUPERACAO DO SOLO
650 _aSOLO
490 _aInformacao Tecnica - Programa Nacional para Aproveitamento de Varzeas Irrigaveis (Brazil)
_vno. 2
942 _cAMS
_2AGRIS
909 _a202506
_bLúcia
_c55
_dLúcia Elande
999 _c334271
_d334271